[Event "01"]
[Site "http://www.queenalice.com/game.php?id=702281"]
[Date "2009.12.23"]
[Round "-"]
[White "Joll"]
[Black "Garuzinho"]
[Result "1-0"]
[WhiteElo "1711"]
[BlackElo "1346"]

1. d4 d5 2. Nf3 h6 3. e3 a6 4. c4 e6 5. a3 Nf6 6. Nc3 Bd6 7. c5 Be7 8. Bd3 O-O
9. O-O Nc6 10. b4 b5 11. Bb2 Bd7 12. Ne5 Ne4 13. Nxe4 dxe4 14. Bxe4 Rc8 15. Nxc6
Bxc6 16. Bxc6 f5 17. Bb7 Rb8 18. Bxa6 c6 19. a4 Rf7 20. axb5 cxb5 21. Qd3 f4 22.
Bxb5 Bh4 23. Bc3 fxe3 24. fxe3 Qf8 25. Bc4 Rf6 26. Rxf6 Qxf6 27. Rf1 Qg5 28.
Bxe6+ Kh8 29. Qe4 Re8 30. d5 Qe7 31. Qd4 Bg5 32. d6 Bf6 33. dxe7 Bxd4 34. Bxd4
1-0

[Event "01"]
[Site "http://www.queenalice.com/game.php?id=702282"]
[Date "2009.12.23"]
[Round "-"]
[White "Joll"]
[Black "Garuzinho"]
[Result "1-0"]
[WhiteElo "1709"]
[BlackElo "1359"]

1. e4 e5 2. Bc4 a6 3. Qh5 g6 4. Qxe5+ Qe7 5. Qxh8 Qxe4+ 6. Be2 Qxg2 7. Bf3 Qg5
8. Qxg8 d6 9. Nc3 Be6 10. d3 Qa5 11. Qxh7 Nd7 12. Bxb7 Rb8 13. Bc6 Rb6 14. Bxd7+
Kxd7 15. Qh8 Be7 16. Qd4 Rb4 17. Qe3 Rh4 18. Nf3 Rh3 19. Rg1 Bd5 20. Rg3 Rh5 21.
Qd4 Bxf3 22. Rxf3 Rxh2 23. Qa4+ c6 24. Qxa5 Rh1+ 25. Ke2 d5 26. Qxa6 Rh5 27.
Rxf7 Re5+ 28. Kd1 d4 29. Ne4 Ke6 30. Rh7 Bd6 31. Qxc6 Rd5 32. Qd7+ Ke5 33. f4#
1-0

[Event "AUTO-OPEN-1809"]
[Site "http://www.queenalice.com/game.php?id=702294"]
[Date "2009.12.23"]
[Round "1"]
[White "shubhankar"]
[Black "Joll"]
[Result "1-0"]
[WhiteElo "1501"]
[BlackElo "1688"]

1. e4 e6 2. Bc4 d5 3. d3 dxc4 4. dxc4 Qxd1+ 5. Kxd1 b6 6. Nc3 Bb4 7. Bd2 Bxc3 8.
bxc3 Nf6 9. Bg5 Nbd7 10. Bf4 e5 11. Bg5 Bb7 12. f3 Rd8 13. Nh3 1-0

[Event "AUTO-OPEN-1809"]
[Site "http://www.queenalice.com/game.php?id=702295"]
[Date "2009.12.23"]
[Round "1"]
[White "Joll"]
[Black "shubhankar"]
[Result "0-1"]
[WhiteElo "1688"]
[BlackElo "1354"]

1. e4 e5 2. Nf3 d6 3. Bc4 h6 4. Nc3 Bg4 5. h3 Be6 6. Bxe6 fxe6 7. d4 Nc6 8. d5
exd5 9. Nxd5 Nf6 10. Qd3 Nxd5 11. exd5 Nb4 12. Qg6+ Ke7 0-1

[Event "AUTO-OPEN-1809"]
[Site "http://www.queenalice.com/game.php?id=702340"]
[Date "2009.12.23"]
[Round "1"]
[White "Renatogr90"]
[Black "Joll"]
[Result "0-1"]
[WhiteElo "1491"]
[BlackElo "1662"]

1. e4 c5 2. Bc4 e6 3. e5 d5 4. exd6 Bxd6 5. d4 Nc6 6. dxc5 Bxc5 7. Qxd8+ Nxd8 8.
Be3 Bxe3 9. fxe3 Nf6 10. Nf3 O-O 11. Nc3 b6 12. Kf2 Bb7 13. Nb5 Rc8 14. b3 Bxf3
15. gxf3 a5 16. Nd6 Rc7 17. Ne4 Nxe4+ 18. fxe4 Nc6 19. a3 Ne5 20. Be2 Rxc2 21.
b4 Ng4+ 22. Ke1 Nxe3 23. bxa5 bxa5 24. Rg1 f5 25. Kf2 Nc4 26. Rgc1 fxe4+ 27. Ke1
Ne3 28. Rab1 Ra2 29. Rb3 Ng2+ 30. Kd1 Rd8+ 31. Bd3 exd3 32. Rbc3 Ne3+ 33. Ke1
Re2# 0-1

[Event "AUTO-OPEN-1809"]
[Site "http://www.queenalice.com/game.php?id=702341"]
[Date "2009.12.23"]
[Round "1"]
[White "Joll"]
[Black "Renatogr90"]
[Result "1/2-1/2"]
[WhiteElo "1668"]
[BlackElo "1494"]

1. d4 d6 2. c4 e5 3. dxe5 dxe5 4. Qxd8+ Kxd8 5. Nc3 Bb4 6. Bd2 Bxc3 7. Bxc3 f6
8. e4 Bg4 9. Be2 Bxe2 10. Nxe2 Ne7 11. O-O Nbc6 12. Rad1+ Ke8 13. Rd2 Kf7 14.
Rfd1 Rhd8 15. a3 Rxd2 16. Rxd2 Rd8 17. Rxd8 Nxd8 18. b4 Ndc6 19. b5 Nd8 20. g4
c6 21. a4 cxb5 22. axb5 Ke6 23. Kg2 a6 24. Nc1 axb5 25. cxb5 b6 26. Na2 g6 27.
Bb4 f5 28. gxf5+ gxf5 29. Bxe7 Kxe7 30. exf5 Kf6 31. Kf3 Kxf5 32. Nc3 h5 33. h4
Nb7 34. Nd5 Nd6 35. Nxb6 Nxb5 36. Nd5 Nd4+ 37. Kg3 e4 38. Ne7+ Ke5 39. Ng6+ Kf5
40. Nf4 Nf3 41. Nxh5 Ke5 42. Nf4 Kd4 43. h5 Kc3 44. h6 Ng5 45. Nd5+ Kd2 46. Nf6
Kd3 47. h7 Nxh7 48. Nxh7 e3 49. fxe3 Kxe3 1/2-1/2

[Event "AUTO-ADV-1584"]
[Site "http://www.queenalice.com/game.php?id=702889"]
[Date "2009.12.24"]
[Round "1"]
[White "degrau"]
[Black "Joll"]
[Result "0-1"]
[WhiteElo "1862"]
[BlackElo "1683"]

1. d4 d5 2. Nc3 Nf6 3. Bf4 e6 4. a3 Bd6 5. Bg5 Nbd7 6. Nf3 O-O 7. e3 c5 8. Bb5
Qb6 9. b3 a6 10. Bxd7 Nxd7 11. dxc5 Qxc5 0-1

[Event "AUTO-ADV-1584"]
[Site "http://www.queenalice.com/game.php?id=702890"]
[Date "2009.12.24"]
[Round "1"]
[White "Joll"]
[Black "celsolrc"]
[Result "0-1"]
[WhiteElo "1661"]
[BlackElo "1975"]

1. e4 e6 2. d4 d5 3. exd5 exd5 4. Nc3 Bf5 5. Bd3 Bg6 6. Bxg6 hxg6 7. Nf3 a6 8.
O-O Nc6 9. Be3 Qd6 10. Re1 O-O-O 11. Bg5 Be7 12. Bxe7 Ngxe7 13. Ne5 Rde8 14.
Nxc6 Qxh2+ 15. Kf1 Nxc6 16. Rxe8+ Rxe8 17. f3 Qh1+ 18. Kf2 Qh4+ 19. Kg1 Nxd4 20.
Qd2 Nf5 21. Nxd5 Ng3 22. Rd1 Re2 23. Ne7+ Qxe7 0-1

[Event "AUTO-ADV-1584"]
[Site "http://www.queenalice.com/game.php?id=702891"]
[Date "2009.12.24"]
[Round "1"]
[White "celsolrc"]
[Black "Joll"]
[Result "1-0"]
[WhiteElo "1971"]
[BlackElo "1672"]

1. e4 c5 2. Nf3 e6 3. d4 d5 4. Nc3 c4 5. Be3 Bb4 6. e5 Bxc3+ 7. bxc3 f6 8. Nh4
fxe5 9. Qh5+ Kd7 10. Qxe5 Qxh4 11. Qxg7+ Qe7 12. Qxh8 Qf6 13. Qxg8 1-0

[Event "Cavalos Alados"]
[Site "http://www.queenalice.com/game.php?id=706131"]
[Date "2009.12.31"]
[Round "-"]
[White "SloVice"]
[Black "Joll"]
[Result "1-0"]
[WhiteElo "1840"]
[BlackElo "1698"]

1. e4 c5 2. Nf3 Nc6 3. d4 e6 4. Bb5 a6 5. Bxc6 dxc6 6. c3 Nf6 7. Bg5 cxd4 8.
Bxf6 Qxf6 9. cxd4 Bb4+ 10. Nc3 O-O 11. Qb3 Bxc3+ 12. bxc3 b5 13. O-O Bb7 14. c4
Qg6 15. Rfe1 f6 16. e5 fxe5 17. Nxe5 Qg5 18. Rad1 1-0

[Event "Tigorin"]
[Site "http://www.queenalice.com/game.php?id=938975"]
[Date "2011.5.17"]
[Round "-"]
[White "frankcasadio"]
[Black "Joll"]
[Result "1-0"]
[WhiteElo "1964"]
[BlackElo "1702"]

1. e4 c5 2. Bc4 Nc6 3. Nf3 Nf6 4. Nc3 a6 5. a3 e6 6. d4 d5 7. exd5 exd5 8. Ba2
Be7 9. dxc5 Bxc5 10. h3 Be6 11. Bg5 O-O 12. Bxf6 Qxf6 13. Qd2 Qg6 14. g4 1-0

[Event "D4"]
[Site "http://www.queenalice.com/game.php?id=941375"]
[Date "2011.5.22"]
[Round "-"]
[White "Joll"]
[Black "tcmaclei"]
[Result "0-1"]
[WhiteElo "1658"]
[BlackElo "1621"]

1. d4 d5 2. Nf3 e6 3. e3 Bb4+ 4. c3 Ba5 5. Nbd2 Nf6 6. b4 Bb6 7. a4 a5 8. b5 Bd7
9. Ba3 c6 10. Bd3 cxb5 11. axb5 a4 12. O-O Ra5 13. Rb1 Qc7 0-1

[Event "Ciciliana"]
[Site "http://www.queenalice.com/game.php?id=941377"]
[Date "2011.5.22"]
[Round "-"]
[White "tcmaclei"]
[Black "Joll"]
[Result "0-1"]
[WhiteElo "1635"]
[BlackElo "1688"]

1. Nf3 c5 2. g3 Nc6 3. Bg2 e6 4. c4 Nf6 5. Nc3 b6 6. e4 Bb7 7. d3 g6 8. O-O Bg7
9. Bg5 O-O 10. a3 Nd4 11. Qd2 Nb3 0-1

[Event "Challenge"]
[Site "http://www.queenalice.com/game.php?id=941382"]
[Date "2011.5.22"]
[Round "-"]
[White "Joll"]
[Black "frankcasadio"]
[Result "0-1"]
[WhiteElo "1696"]
[BlackElo "1970"]

1. d4 d5 2. Nf3 Bf5 3. e3 Nc6 4. c4 Nf6 5. cxd5 Qxd5 6. Nc3 Qd7 7. Bb5 Bg4 8. d5
a6 9. dxc6 Qxd1+ 10. Nxd1 axb5 11. cxb7 Rb8 12. Nd4 Bxd1 13. Kxd1 Rxb7 0-1

[Event "Challenge"]
[Site "http://www.queenalice.com/game.php?id=944332"]
[Date "2011.5.30"]
[Round "-"]
[White "Joll"]
[Black "Susana"]
[Result "0-1"]
[WhiteElo "1691"]
[BlackElo "1667"]

1. e4 e5 2. Nf3 Nc6 3. c3 Bc5 4. Bc4 d6 5. O-O h6 6. b4 Bb6 7. a4 a6 8. Ba2 Nf6
9. Qb3 O-O 10. d3 Qe8 0-1